000 00397nam a2200157Ia 4500
008 221030s9999 xx 000 0 und d
020 _a8170296897
041 _aEnglish
082 _a105.23
_bTax
100 _aR. K. Taxali
245 0 _aFox Pro 2.5 Mode Simple For DOS & Windows
_cby R. K. Taxali
260 _bBPB Pub
_aNew Delhi
_c1996
300 _a592
650 _aBE Computer
942 _cBK
999 _c8452
_d8452